00278nam a22001217a 4500020001800000041000800018082001300026100001900039245004000058260002800098300000800126650002200134 a9780826459602 aENG a291bCON aConnolly Peter aApproaches to the Study of Religion aLondonbContinuumc2006 a286 aStudy of Religion